Cartan for beginners : (Record no. 30360)

000 -LEADER
fixed length control field 00655 a2200157 4500
020 ## - INTERNATIONAL STANDARD BOOK NUMBER
International Standard Book Number 0821887173 (paperback)
020 ## - INTERNATIONAL STANDARD BOOK NUMBER
International Standard Book Number 9780821887172 (paperback)
082 ## - DEWEY DECIMAL CLASSIFICATION NUMBER
Classification number 516.36
090 ## - LOCALLY ASSIGNED LC-TYPE CALL NUMBER (OCLC); LOCAL CALL NUMBER (RLIN)
-- 1753
-- 1753
100 1# - MAIN ENTRY--PERSONAL NAME
Personal name Ivey, J M Landsberg Thomas A.
245 10 - TITLE STATEMENT
Title Cartan for beginners :
Remainder of title differential geometry via moving frames and exterior differential systems /
Statement of responsibility, etc. J M Landsberg Thomas A Ivey.
260 ## - PUBLICATION, DISTRIBUTION, ETC.
Place of publication, distribution, etc. Rhode Island
Name of publisher, distributor, etc. American Mathematical Society
Date of publication, distribution, etc. 2012.
300 ## - PHYSICAL DESCRIPTION
Extent 1 v. (unpaged) ;
Dimensions 25 cm.
942 ## - ADDED ENTRY ELEMENTS (KOHA)
Institution code [OBSOLETE] SNS
Koha item type Book
Call number prefix 516.36 IVE
Holdings
Withdrawn status Lost status Damaged status Not for loan Permanent Location Current Location Date acquired Total Checkouts Full call number Barcode Date last seen Price effective from Koha item type
        School of Natural Sciences (SNS) School of Natural Sciences (SNS) 05/26/2016   516.36 IVE SNS0002148   05/26/2016 Book
© 2023 Central Library, National University of Sciences and Technology. All Rights Reserved.